000
00264nam a22001217a 4500
008
181217b xxu||||| |||| 00| 0 eng d
041
_a
eng
080
_a
701
100
_a
44
101
_a
ART
245
_a
Un Art Autre/ Un Autre Art
_c
Abadie,D
942
_2
udc
_c
BK
999
_c
53235
_d
53235